00748nam a2200217Ia 4500003000900000008004100009020001800050040001600068080002300084245010000107260003900207300001400246650004100260650003100301650002500332650001800357700003400375942000700409999001500416952009900431IN-BaIIA211028s9999 xx 000 0 eng d a0-306-17068-X cIIA Library a047.1:533.9bREV-8 0aReviews of plasma physics: vol.8cedited by M. A. Leontovich  aNew YorkbConsultants Bureauc1980 axi, 460p. aAstronomy and Astrophysics Thesaurus aMagnetohydrodynamics91666 aPlasma Physics93732 aPlasmas91898 aLeontovich, M. A., ed.911871 cBK c6926d6926 00104070aBANbBANcGENd1981-11-06l0o047.1:533.9/ REV-8p7700r2021-11-05w1981-11-06yBK